| 000 | 00514nam a2200181Ia 4500 | ||
|---|---|---|---|
| 999 |
_c35034 _d35034 |
||
| 003 | OSt | ||
| 005 | 20260305115045.0 | ||
| 008 | 190216s9999||||xx |||||||||||||| ||und|| | ||
| 020 | _a9788126429592 | ||
| 040 | _coclc | ||
| 082 |
_a355.425 _bCHE/G |
||
| 100 |
_aChe Guevara, Ernesto _91762 |
||
| 245 | 0 |
_aGuerilla Yudhathanthram / _cErnesto Che Guevara |
|
| 260 |
_bDc Books, _c2015. _aKottayam: |
||
| 300 | _a134p | ||
| 650 | _aPolitics | ||
| 942 |
_cBK _2ddc _h355.425 _iCHE/G _k355.425 _mCHE/G |
||